El prodigioso jardín de las matemáticas / (Record no. 113213)

MARC details
000 -LEADER
campo de control de longitud fija 00639nam a2200181 4500
001 - NÚMERO DE CONTROL
campo de control 113213
003 - IDENTIFICADOR DE NÚMERO DE CONTROL
campo de control ES-MaACL
005 - FECHA Y HORA DE LA ÚLTIMA TRANSACCIÓN
campo de control 20230906185811.0
007 - CAMPO FIJO DE DESCRIPCIÓN FÍSICA--INFORMACIÓN GENERAL
campo de control de longitud fija t|
008 - DATOS DE LONGITUD FIJA--INFORMACIÓN GENERAL
campo de control de longitud fija 061121s1943 sp r ||||1| spa d
100 1# - ENTRADA PRINCIPAL--NOMBRE DE PERSONA
Nombre de persona Niklittschek, Alexander.
9 (RLIN) 85741
245 13 - MENCIÓN DEL TÍTULO
Título El prodigioso jardín de las matemáticas /
Mención de responsabilidad, etc. Alexander Niklittschek ; traducción de Antonio Fonts ; revisada por Eduardo Condeminas Abós.
260 ## - PUBLICACIÓN, DISTRIBUCIÓN, ETC.
Lugar de publicación, distribución, etc. Barcelona :
Nombre del editor, distribuidor, etc. Iberia,
Fecha de publicación, distribución, etc. 1943.
300 ## - DESCRIPCIÓN FÍSICA
Extensión 389 p. :
Otras características físicas 85 grabs. intercalados ;
Dimensiones 23 cm.
700 1# - ENTRADA AGREGADA--NOMBRE PERSONAL
Nombre de persona Fonts, Antonio.
9 (RLIN) 51653
700 1# - ENTRADA AGREGADA--NOMBRE PERSONAL
Nombre de persona Condeminas Abós, Eduardo.
9 (RLIN) 40139
852 ## - LOCALIZACIÓN
Ubicación ES-MaACL
Número de control de estantería F-13494
Sublocalización o colección R.20493
Holdings
Estatus retirado Estado de pérdida Estado de daño No para préstamo Biblioteca de origen Biblioteca actual Ubicación en estantería Fecha de adquisición Fuente de adquisición Total de préstamos Signatura topográfica completa Código de barras Visto por última vez Precio de reemplazo Tipo de ítem Koha
        Biblioteca del Ateneo de Madrid Biblioteca del Ateneo de Madrid Sala Pecera Planta 2 17/01/2008     F-13494 1118085 23/02/2023 23/02/2023 Libro impreso